[Event "ESP-chT CECLUB Div2"]
[Site "Linares"]
[Date "2021.08.11"]
[Round "4.6"]
[White "Andrade Sandoval, Bianca"]
[Black "Galvan Cipriani, Viviana"]
[Result "1/2-1/2"]
[WhiteElo "1877"]
[BlackElo "2071"]
[PlyCount "128"]
[EventDate "2021.08.09"]
[EventType "team-swiss"]
[EventRounds "7"]
[EventCountry "ESP"]
[SourceTitle "CBM 203 Extra"]
[Source "ChessBase"]
[SourceDate "2021.09.30"]
[SourceVersion "1"]
[SourceVersionDate "2021.09.30"]
[SourceQuality "1"]
[WhiteTeam "Jaque Mate"]
[BlackTeam "Platja D'Aro"]
[WhiteTeamCountry "ESP"]
[BlackTeamCountry "ESP"]

1. d4 c5 2. d5 Nf6 3. c4 e6 4. Nc3 exd5 5. cxd5 d6 6. e4 g6 7. h3 Bg7 8. Bd3 0-0 9. Bg5 Re8 10. Nf3 c4 11. Bc2 b5 12. a3 a6 13. 0-0 Nbd7 14. Re1 Bb7 15. Qd2 Qc7 16. Bh6 Bh8 17. Nd4 Nc5 18. Bf4 Rad8 19. Rad1 Qb6 20. Nf3 Nfd7 21. Be3 a5 22. Bd4 f6 23. Na2 Ne5 24. Qc3 Qc7 25. b3 Ba6 26. Nd2 Rc8 27. Re3 cxb3 28. Bxb3 Nxb3 29. Nxb3 Qb7 30. Qa1 a4 31. Nd2 Qe7 32. Nb4 Bb7 33. Rde1 g5 34. Rg3 Ng6 35. Nf3 h6 36. h4 Bg7 37. hxg5 fxg5 38. Nh2 Rc4 39. Bxg7 Qxg7 40. Ng4 Qxa1 41. Rxa1 Kg7 42. Ne3 Rcxe4 43. Nf5+ Kh7 44. Nxd6 Re1+ 45. Rxe1 Rxe1+ 46. Kh2 Ba8 47. Nxb5 Rd1 48. d6 Ne5 49. Rc3 Kg6 50. Rc8 Bb7 51. Rc7 Ba8 52. Ra7 Bc6 53. Nxc6 Nxc6 54. Rxa4 Rd5 55. Nc3 Rxd6 56. Ra6 Re6 57. Nb5 Rf6 58. f3 Kf7 59. a4 Ke7 60. a5 Re6 61. Ra8 Re5 62. Nc7 Rxa5 63. Rh8 Kd7 64. Rh7+ Ne7 1/2-1/2

[Event "Collado Villalba op-A 36th"]
[Site "Collado Villalba"]
[Date "2019.08.30"]
[Round "8"]
[White "Andrade Sandoval, Bianca"]
[Black "Semprun Martinez, Fernando M"]
[Result "0-1"]
[WhiteElo "1865"]
[BlackElo "2071"]
[PlyCount "62"]
[EventDate "2019.08.23"]
[EventType "swiss"]
[EventRounds "9"]
[EventCountry "ESP"]
[SourceTitle "CBM 192 Extra"]
[Source "Chessbase"]
[SourceDate "2019.11.06"]
[SourceVersion "1"]
[SourceVersionDate "2019.11.06"]
[SourceQuality "1"]

1. d4 Nf6 2. Bf4 c5 3. e3 Qb6 4. Na3 d6 5. Nf3 Qxb2 6. Nb5 Qb4+ 7. Qd2 Na6 8. Qxb4 cxb4 9. a3 Nd5 10. Bg3 Bf5 11. Nd2 Bxc2 12. e4 Nb6 13. axb4 Kd8 14. Be2 Nxb4 15. 0-0 a6 16. Na3 g6 17. Rfc1 Bh6 18. Nxc2 Bxd2 19. Nxb4 Bxb4 20. Ra2 Kd7 21. Rb1 a5 22. Bb5+ Kc7 23. Rc2+ Kb8 24. f3 Rc8 25. Ra2 Kc7 26. Bf2 Kd8 27. Re2 Rc7 28. g3 Rac8 29. Rbb2 Nc4 30. Ra2 Na3 31. d5 Nxb5 0-1

[Event "Collado Villalba op-A 36th"]
[Site "Collado Villalba"]
[Date "2019.08.27"]
[Round "5"]
[White "Andrade Sandoval, Bianca"]
[Black "Cuellar Gutierrez, Raul"]
[Result "1-0"]
[WhiteElo "1865"]
[BlackElo "1995"]
[PlyCount "105"]
[EventDate "2019.08.23"]
[EventType "swiss"]
[EventRounds "9"]
[EventCountry "ESP"]
[SourceTitle "CBM 192 Extra"]
[Source "Chessbase"]
[SourceDate "2019.11.06"]
[SourceVersion "1"]
[SourceVersionDate "2019.11.06"]
[SourceQuality "1"]

1. d4 Nf6 2. Bf4 g6 3. Nf3 Bg7 4. e3 0-0 5. h3 d6 6. Be2 b6 7. 0-0 Bb7 8. c4 Nbd7 9. Nc3 a6 10. Nd2 e5 11. Bh2 exd4 12. exd4 d5 13. Bf3 c6 14. Qb3 c5 15. Bd6 Re8 16. Nxd5 Nxd5 17. dxc5 Ne3 18. fxe3 Bxf3 19. Rxf3 Nxc5 20. Bxc5 bxc5 21. Qc2 Rb8 22. Rb1 Qg5 23. Nf1 Qe5 24. b3 Red8 25. Rd1 a5 26. Rf2 Bh6 27. Rd3 Rxd3 28. Qxd3 Re8 29. Rf3 Bg5 30. Qd7 Rf8 31. Qb5 Bd8 32. Rf2 f5 33. Rd2 Bg5 34. Qxa5 Bxe3+ 35. Nxe3 Qxe3+ 36. Rf2 Re8 37. Qd2 Qe7 38. Rf1 Rd8 39. Qf2 Rd4 40. Re1 Qd7 41. Qf3 Rd2 42. Qe3 Rxa2 43. Qxc5 Ra8 44. Re7 Qd1+ 45. Kh2 Rd8 46. Qe5 Qd6 47. Qxd6 Rxd6 48. c5 Rc6 49. b4 f4 50. b5 Rxc5 51. b6 Rb5 52. b7 f3 53. gxf3 1-0

[Event "Collado Villalba op-A 35th"]
[Site "Collado Villalba"]
[Date "2018.08.31"]
[Round "8"]
[White "Longa Yauca, Javier"]
[Black "Andrade Sandoval, Bianca"]
[Result "1-0"]
[WhiteElo "2268"]
[BlackElo "1890"]
[PlyCount "71"]
[EventDate "2018.08.24"]
[EventType "swiss"]
[EventRounds "9"]
[EventCountry "ESP"]
[SourceTitle "CBM 186 Extra"]
[Source "ChessBase"]
[SourceDate "2018.08.24"]
[SourceVersion "1"]
[SourceVersionDate "2018.08.24"]
[SourceQuality "1"]

1. Nf3 d5 2. g3 Bf5 3. c4 e6 4. Qb3 Nc6 5. Bg2 dxc4 6. Qxb7 Be4 7. Qb5 Qd5 8. Qa4 Bb4 9. Nc3 Bxc3 10. bxc3 Nf6 11. Ba3 Nd7 12. 0-0 Rd8 13. Nh4 Bxg2 14. Nxg2 Nb6 15. Qa6 Qxd2 16. Qb7 Qd7 17. Ne3 Rb8 18. Qa6 Ne5 19. Rab1 Qc6 20. Nc2 Ned7 21. Qa5 h6 22. Rb5 a6 23. Nd4 Qa8 24. Rh5 c5 25. Rxc5 0-0 26. Rc6 Rfc8 27. Rd6 Qe4 28. f3 Qe5 29. Qxe5 Nxe5 30. f4 Ng4 31. Nc6 Rb7 32. Rb1 Kh7 33. Na5 Rd7 34. Rbxb6 Rxd6 35. Rxd6 Nf6 36. Bb4 1-0

[Event "Collado Villalba op-A 35th"]
[Site "Collado Villalba"]
[Date "2018.08.28"]
[Round "5"]
[White "Andrade Sandoval, Bianca"]
[Black "Martinez Fernandez, Raul"]
[Result "1-0"]
[WhiteElo "1890"]
[BlackElo "2199"]
[PlyCount "35"]
[EventDate "2018.08.24"]
[EventType "swiss"]
[EventRounds "9"]
[EventCountry "ESP"]
[SourceTitle "CBM 186 Extra"]
[Source "ChessBase"]
[SourceDate "2018.08.24"]
[SourceVersion "1"]
[SourceVersionDate "2018.08.24"]
[SourceQuality "1"]

1. d4 Nf6 2. Bf4 c5 3. e3 Qb6 4. Nc3 Qxb2 5. Nb5 Na6 6. a3 Ne4 7. Rb1 Qa2 8. Rb3 d5 9. Qc1 e5 10. Rb2 Qxb2 11. Qxb2 exf4 12. exf4 c4 13. Nf3 Be7 14. Be2 0-0 15. 0-0 Bd7 16. Re1 f6 17. Bxc4 Bc6 18. Rxe4 1-0

[Event "Collado Villalba op-A 35th"]
[Site "Collado Villalba"]
[Date "2018.08.24"]
[Round "1"]
[White "Andrade Sandoval, Bianca"]
[Black "Mkrtchyan, Levon"]
[Result "1/2-1/2"]
[WhiteElo "1890"]
[BlackElo "2128"]
[PlyCount "65"]
[EventDate "2018.08.24"]
[EventType "swiss"]
[EventRounds "9"]
[EventCountry "ESP"]
[SourceTitle "CBM 186 Extra"]
[Source "ChessBase"]
[SourceDate "2018.08.24"]
[SourceVersion "1"]
[SourceVersionDate "2018.08.24"]
[SourceQuality "1"]

1. d4 Nf6 2. Bf4 c5 3. e3 e6 4. Nf3 cxd4 5. exd4 Nc6 6. Nc3 Bb4 7. a3 Bxc3+ 8. bxc3 d5 9. Nd2 0-0 10. Bd3 Re8 11. 0-0 e5 12. dxe5 Nxe5 13. Bb5 Bd7 14. Bxd7 Qxd7 15. Nb3 Rac8 16. Bxe5 Rxe5 17. Qd4 Re7 18. Qxa7 Rxc3 19. Nd4 Rc4 20. Rfe1 h6 21. Rxe7 Qxe7 22. Qb8+ Kh7 23. Nf5 Qe6 24. Ne3 Re4 25. Qxb7 Rxe3 26. fxe3 Qxe3+ 27. Kh1 Ng4 28. h3 Nf2+ 29. Kg1 Nd1+ 30. Kh2 Qe5+ 31. g3 Qxa1 32. Qxd5 Qc1 33. Qf5+ 1/2-1/2

[Event "Madrid-ch Previa-B"]
[Site "Madrid"]
[Date "2018.02.24"]
[Round "9"]
[White "Vukotic Jovsic, Dragan"]
[Black "Andrade Sandoval, Bianca"]
[Result "1-0"]
[WhiteElo "1948"]
[BlackElo "1850"]
[PlyCount "73"]
[EventDate "2018.02.01"]
[EventType "swiss"]
[EventRounds "9"]
[EventCountry "ESP"]
[SourceTitle "EXT 2020"]
[Source "ChessBase"]
[SourceDate "2019.10.17"]
[SourceVersion "1"]
[SourceVersionDate "2019.10.17"]
[SourceQuality "1"]

1. d4 Nf6 2. Nf3 e6 3. Bf4 d5 4. e3 c5 5. c3 Nc6 6. Nbd2 Be7 7. Bd3 a6 8. a4 b6 9. Ne5 Bb7 10. Qe2 c4 11. Bc2 b5 12. Nxc6 Bxc6 13. a5 b4 14. Nf3 b3 15. Bb1 Bd6 16. Ne5 Bb7 17. g4 h6 18. h4 Bc7 19. Qf3 Nd7 20. Nxf7 Kxf7 21. Bxc7+ Qf6 22. Rh3 Qxf3 23. Rxf3+ Ke7 24. Bg6 Raf8 25. Rg3 Rc8 26. Be5 Nxe5 27. dxe5 Bc6 28. f4 Be8 29. Bxe8 Rhxe8 30. Ra4 Rc5 31. Ke2 Rb8 32. Rg1 g6 33. h5 Kf7 34. f5 exf5 35. gxf5 gxf5 36. Rg6 Rg8 37. e6+ 1-0

[Event "Madrid-ch Previa-B"]
[Site "Madrid"]
[Date "2018.02.17"]
[Round "7"]
[White "Jimenez Gonzalez, Marcos"]
[Black "Andrade Sandoval, Bianca"]
[Result "1/2-1/2"]
[WhiteElo "1806"]
[BlackElo "1850"]
[PlyCount "55"]
[EventDate "2018.02.01"]
[EventType "swiss"]
[EventRounds "9"]
[EventCountry "ESP"]
[SourceTitle "EXT 2020"]
[Source "ChessBase"]
[SourceDate "2019.10.17"]
[SourceVersion "1"]
[SourceVersionDate "2019.10.17"]
[SourceQuality "1"]

1. d4 Nf6 2. c4 e6 3. g3 d5 4. Nf3 c6 5. Qc2 Nbd7 6. Bg2 Be7 7. 0-0 0-0 8. Nbd2 Re8 9. b3 Nf8 10. Bb2 b5 11. Ne5 Bb7 12. Rfd1 Rc8 13. Rac1 N8d7 14. Nd3 a6 15. c5 Qc7 16. b4 a5 17. a3 a4 18. Nf3 h6 19. Nde5 Nh7 20. Nxf7 Rf8 21. N7e5 Nxe5 22. dxe5 Rce8 23. Bd4 Bc8 24. h4 Bd7 25. Bh3 Bd8 26. Bg4 Re7 27. Nh2 Be8 28. f4 1/2-1/2

[Event "EU-ch U14 Girls 26th"]
[Site "Prague"]
[Date "2016.08.24"]
[Round "6"]
[White "Andrade Sandoval, Bianca"]
[Black "Katkov, Michelle"]
[Result "1/2-1/2"]
[WhiteElo "1899"]
[BlackElo "1619"]
[PlyCount "120"]
[EventDate "2016.08.18"]
[EventType "swiss"]
[EventRounds "9"]
[EventCountry "CZE"]
[SourceTitle "CBM 174 Extra"]
[Source "ChessBase"]
[SourceDate "2016.10.10"]
[SourceVersion "1"]
[SourceVersionDate "2016.10.10"]
[SourceQuality "1"]

1. d4 Nf6 2. Bf4 e6 3. Nf3 c5 4. e3 Nc6 5. c3 d5 6. Bd3 Bd6 7. Bg3 Bxg3 8. hxg3 Qd6 9. Nbd2 h6 10. a3 0-0 11. Nh4 e5 12. dxe5 Nxe5 13. Bc2 Nfg4 14. 0-0 Be6 15. Qe2 d4 16. exd4 cxd4 17. cxd4 Qxd4 18. Ndf3 Nxf3+ 19. Nxf3 Qc5 20. Rac1 Qh5 21. Qe4 g6 22. Rfd1 Rad8 23. Qf4 Rfe8 24. Rxd8 Rxd8 25. Be4 Qb5 26. Nh2 Nxh2 27. Kxh2 Qxb2 28. Rc2 Qd4 29. Bxb7 Qxf4 30. gxf4 Rd3 31. a4 Rd4 32. a5 Rxf4 33. a6 Bc4 34. f3 Rd4 35. Kg3 Kg7 36. Rc3 Kf6 37. Kf2 Ke5 38. Ke3 f5 39. g3 g5 40. Kf2 f4 41. Rc2 fxg3+ 42. Kxg3 Kd6 43. Rh2 Rh4 44. Rxh4 gxh4+ 45. Kxh4 Bf7 46. f4 Ke6 47. Kg4 Kf6 48. Kg3 Bc4 49. Kg4 Be2+ 50. Bf3 Bxa6 51. Kh5 Kf5 52. Kxh6 Kxf4 53. Bc6 Bd3 54. Kh5 Ke5 55. Kg4 Kd6 56. Ba8 a5 57. Kf3 Kc5 58. Ke3 Bf1 59. Kd2 Kb4 60. Kc1 Kb3 1/2-1/2

[Event "EU-ch U14 Girls 26th"]
[Site "Prague"]
[Date "2016.08.20"]
[Round "3"]
[White "Pipia, Ekaterine"]
[Black "Andrade Sandoval, Bianca"]
[Result "1-0"]
[WhiteElo "1661"]
[BlackElo "1899"]
[PlyCount "71"]
[EventDate "2016.08.18"]
[EventType "swiss"]
[EventRounds "9"]
[EventCountry "CZE"]
[SourceTitle "CBM 174 Extra"]
[Source "ChessBase"]
[SourceDate "2016.10.10"]
[SourceVersion "1"]
[SourceVersionDate "2016.10.10"]
[SourceQuality "1"]

1. d4 d5 2. c4 e6 3. Nf3 Nf6 4. Bg5 c6 5. e3 Nbd7 6. Nc3 Be7 7. Bd3 a6 8. 0-0 dxc4 9. Bxc4 b5 10. Bb3 Bb7 11. Rc1 0-0 12. Qe2 c5 13. Rfd1 c4 14. Bc2 h6 15. Bh4 Qa5 16. e4 b4 17. e5 Bxf3 18. Qxf3 Nd5 19. Nxd5 Bxh4 20. Qe4 g6 21. Nf4 f5 22. exf6 Rxf6 23. Qxa8+ Kg7 24. Qe4 Nf8 25. Nxe6+ Nxe6 26. Qxh4 Qd5 27. Qe4 Qg5 28. d5 Nf4 29. Kh1 Rf7 30. d6 Rd7 31. Ba4 Nd3 32. Rxd3 cxd3 33. Qd4+ Kh7 34. Rc8 Rd8 35. Rc7+ Kg8 36. Qg7# 1-0

[Event "ESP-ch U14"]
[Site "Granada"]
[Date "2016.07.15"]
[Round "8"]
[White "Cespedes Llaverias, Llibert"]
[Black "Andrade Sandoval, Bianca"]
[Result "0-1"]
[WhiteElo "2141"]
[BlackElo "1793"]
[PlyCount "108"]
[EventDate "2016.07.11"]
[EventType "swiss"]
[EventRounds "9"]
[EventCountry "ESP"]
[SourceTitle "EXT 2024"]
[Source "ChessBase"]
[SourceDate "2023.10.10"]
[SourceVersion "1"]
[SourceVersionDate "2023.10.10"]
[SourceQuality "1"]

1. e4 c5 2. Nf3 e6 3. b3 a6 4. Bb2 b5 5. g3 Bb7 6. d3 d6 7. Bg2 Nf6 8. 0-0 Nbd7 9. Nbd2 Be7 10. e5 dxe5 11. Nxe5 Bxg2 12. Kxg2 Nxe5 13. Bxe5 0-0 14. Nf3 h6 15. Qe2 Nd7 16. Bb2 Nb6 17. Rfd1 Re8 18. Nd2 Rc8 19. Ne4 Qc7 20. Qg4 e5 21. f4 Nd7 22. fxe5 Nxe5 23. Qf4 Nc6 24. Qf2 Nd4 25. c3 Ne6 26. Rac1 Qc6 27. Rf1 Ng5 28. c4 Rf8 29. h4 Nxe4 30. dxe4 Qxe4+ 31. Kh2 Bd6 32. Kg1 Qg4 33. Kg2 Be5 34. Bxe5 Qe4+ 35. Qf3 Qxe5 36. Rfe1 Qc7 37. Re2 Rfe8 38. Rec2 Qe5 39. cxb5 axb5 40. Qd3 c4 41. bxc4 bxc4 42. Rxc4 Rxc4 43. Qxc4 Qe2+ 44. Kh3 Qe7 45. Qc6 Rd8 46. a4 Qe5 47. Qc3 Qf5+ 48. Kh2 Qf2+ 49. Kh3 Rd2 50. Qe5 Qg2+ 51. Kg4 h5+ 52. Kf4 Rf2+ 53. Kg5 f6+ 54. Kg6 f5 0-1

[Event "ESP-chT Regional U14"]
[Site "Padron"]
[Date "2016.06.24"]
[Round "3.13"]
[White "Lopez Garcia, Maria Pilar"]
[Black "Andrade Sandoval, Bianca"]
[Result "0-1"]
[WhiteElo "1605"]
[BlackElo "1753"]
[PlyCount "62"]
[EventDate "2016.06.23"]
[EventType "team-swiss"]
[EventRounds "6"]
[EventCountry "ESP"]
[SourceTitle "EXT 2017"]
[Source "ChessBase"]
[SourceDate "2016.10.25"]
[SourceVersion "1"]
[SourceVersionDate "2016.10.25"]
[SourceQuality "1"]
[WhiteTeam "Murcia"]
[BlackTeam "Madrid"]
[WhiteTeamCountry "ESP"]
[BlackTeamCountry "ESP"]

1. e4 c5 2. Nf3 e6 3. c4 a6 4. Nc3 d6 5. Be2 Nf6 6. 0-0 Be7 7. d4 cxd4 8. Nxd4 Qc7 9. Be3 b6 10. Rc1 Bb7 11. f3 Nbd7 12. a3 0-0 13. Qd2 Nc5 14. b4 e5 15. bxc5 exd4 16. Bxd4 dxc5 17. Be3 Rad8 18. Nd5 Nxd5 19. cxd5 f5 20. a4 Bd6 21. h3 fxe4 22. fxe4 Qe7 23. Bg5 Qe5 24. Bf3 Rde8 25. Be3 Qh2+ 26. Kf2 Rxe4 27. Qd1 Qe5 28. Re1 Bxd5 29. Qc2 Bc4 30. Rh1 Rxf3+ 31. Kxf3 Qf5+ 0-1